000 00559nam a22002177i 4500
001 5810
003 OSt
005 20180914121634.0
007 tu
008 161220s1994 gw ||||| |||| ||| ||ger|d
020 _a3-925450-42-4
024 7 _a5810
_2RID
024 7 _a5810
_2RSN (alt)
040 _cOSt
041 _ager
100 1 _aWagenlehner, Günther
_eEd.
245 0 0 _aKonflikte, Konfliktlösung und Friedenssicherung in Südosteuropa
260 _aMünchen :
_bSüdosteuropa-Gesellschaft,
_c1994.
490 _aSüdosteuropa aktuell
_v17
942 _cB
999 _c5544
_d5544